Límites marítimos de Chile: aguas marítimas interiores de Chile

Na minha lista:
Detalhes bibliográficos
Autor principal: Vío Valdivieso, Fabio (Autor)
Formato: Livro
Idioma:espanhol
Publicado em: Santiago s.n 1977
Assuntos:
Tags: Adicionar Tag
Sem tags, seja o primeiro a adicionar uma tag!

MARC

LEADER 00000nam a2200000 a 4500
001 UCT9148
003 CL-VaPUC
008 970404e19770000cl |||||||||||||||||spa|d
082 0 4 |a 341.444  |b VIO  |2 21 
100 0 |a Vío Valdivieso, Fabio  |e author  |9 381562 
245 1 0 |a Límites marítimos de Chile: aguas marítimas interiores de Chile 
300 |a 56 p 
942 |c BK 
945 |d 19970404 00:00:00  |a cmena 
260 |a Santiago  |b s.n  |c 1977 
500 |a Apartado del estudio publicado en el Memorial del Ejército de Chile correspondiente a Septiembre-Diciembre 1976. Incluye 2 mapas 
650 0 |a Derecho marítimo  |9 255301 
650 0 |a Aguas interiores  |9 381563 
650 0 |a Aguas jurisdiccionales  |9 295070 
650 7 |a MAR TERRITORIAL  |2 CL-VaPUC  |9 381565 
651 7 |a CHILE  |2 CL-VaPUC  |9 381566 
583 |a last modification  |c 20171228 04:43:01  |k Rodrigo Vera 
999 |c 257568  |d 257566 
952 |0 0  |1 0  |2 ddc  |4 0  |6 341_444000000000000_VIO_1977  |7 0  |8 A  |9 281105  |a BIBDER  |b BIBDER  |d 2019-11-19  |i 1823434  |o 341.444 VIO 1977  |p 1823434  |r 2023-01-25  |w 2019-11-19  |y MX  |k DER